00338nam a2200133Ia 4500008004100000100002000041245007200061250001200133260001500145300000800160650001200168942000700180999001700187190216s9999||||xx |||||||||||||| ||und|| aPartha Goswami. 0aComprehensive Solution To I. E Irodov`S Problems In General Physics a1st Ed. bNullc1996 a512 aPhysics cBK c33366d33366